[Event "52nd ACCENTUS Biel Rapid 2019"]
[Site "Biel"]
[Date "2019.07.21"]
[Round "6.1"]
[White "Shankland, Sam"]
[Black "Bogner, Sebastian"]
[Result "1/2-1/2"]
[WhiteElo "2713"]
[BlackElo "2584"]
[Annotator "TA"]
[PlyCount "63"]
[EventDate "2019.07.21"]
[EventType "tourn"]
[EventCountry "SUI"]
[SourceTitle "playchess.com"]
[Source "ChessBase"]
[SourceQuality "1"]

{[%evp 9,63,30,37,18,28,19,26,24,19,22,37,47,23,32,35,21,21,17,26,16,16,16,23,16,31,16,22,12,0,-5,-10,-8,-5,0,0,-6,0,0,0,-11,-9,-73,-79,-81,-77,-77,0,0,-4,0,-4,-2,0,0,0,-8]} 1. d4 d5 2. c4 c6 3. Nf3 Nf6 4. Nc3 $146 ({Predecessor:} 4. e3 Bf5 5. Nc3 {1-0 (59) Gelfand,B (2655)-Shankland,S (2731) Prague 2019}) 4... a6 5. e3 Bf5 6. Ne5 {D15: Slav Defence: 4 Nc3 a6 and gambit lines after 4 Nc3 dxc4} Nbd7 7. Qb3 Qc7 8. cxd5 {White has an edge.} Nxe5 9. dxe5 Nxd5 10. Nxd5 cxd5 11. Bd2 Qxe5 12. Rc1 Bd7 13. Qb6 Qd6 14. Qxb7 Rb8 15. Qa7 {next Rc7 is good for White.} Rxb2 16. Bxa6 f6 17. a4 Bxa4 18. Bc3 Rb3 19. Ba5 Bb5 20. Bxb5+ Rxb5 21. O-O $1 Kf7 22. Bc7 $132 {[%mdl 2048] White is not holding back} Qd7 23. Qa4 {[#] Rc5! is the strong threat.} Qe8 $1 24. Bg3 Rb7 25. Qd4 (25. Qa2 $11 {keeps the balance.} e6 26. Rfd1) 25... Qd7 $17 26. Rfd1 e6 27. e4 {[%cal Re4d5]} Be7 (27... Ba3 $17 28. Rc2 Rd8) 28. exd5 $11 {The position is equal.} Qxd5 29. Qxd5 exd5 30. Rxd5 Rd8 31. Rxd8 Bxd8 32. h3 {Accuracy: White = 71%, Black = 90%.} 1/2-1/2

[Event "52nd ACCENTUS Biel Rapid 2019"]
[Site "Biel"]
[Date "2019.07.21"]
[Round "6.2"]
[White "Cori, Jorge"]
[Black "Leko, Peter"]
[Result "0-1"]
[WhiteElo "2686"]
[BlackElo "2674"]
[Annotator "TA"]
[PlyCount "56"]
[EventDate "2019.07.21"]
[EventType "tourn"]
[EventCountry "SUI"]
[SourceTitle "playchess.com"]
[Source "ChessBase"]
[SourceQuality "1"]

{[%evp 21,56,98,93,91,88,54,60,5,4,11,74,0,98,72,130,138,154,145,178,91,133,132,132,80,101,41,0,-33,-12,-93,-97,-131,-7,-176,-170,-237,-178]} 1. d4 Nf6 2. Nf3 e6 3. e3 b6 4. Bd3 Bb7 5. O-O c5 6. c4 Be7 7. Nc3 cxd4 8. exd4 d6 9. d5 e5 10. Ng5 O-O 11. f4 Nbd7 12. Qe2 $146 {E14: Queen's Indian: Classical Variation (4 e3)} ({Predecessor:} 12. Nf3 Re8 13. fxe5 dxe5 14. Ng5 Rf8 15. Qe2 g6 16. Nh3 Kg7 17. Nf2 h5 18. Be3 Ng8 19. Nfe4 f5 {½-½ (63) Vasquez Schroder,R (2554)-Korpa,B (2479) Roquetas de Mar 2018}) 12... h6 13. Nf3 {[%cal Rf4e5]} Re8 14. fxe5 (14. Bc2 $14) 14... dxe5 $11 15. Kh1 Bf8 (15... Bb4 $11 {remains equal.} 16. Ne4 Nxe4 17. Bxe4 Nf6) 16. Bc2 (16. Nd2 $16) 16... g6 (16... Rc8 $1 $11) 17. Be3 $16 a6 (17... Ng4 $142) 18. Rad1 Rc8 19. Nd2 Bg7 20. a4 (20. Nde4 $18) 20... Qe7 {[#]} 21. a5 $1 bxa5 22. Ra1 (22. Nde4 $142 {And now c5 would win.} Nxe4 23. Nxe4 (23. Bxe4 Qb4 $15)) 22... e4 23. Rxa5 (23. Ba4 $16) 23... Ne5 $14 24. Raa1 Nfg4 25. Bg1 {[#]} (25. Ba4 $11 {keeps the balance.}) 25... e3 $1 $17 {[%cal Re3d2][%mdl 512]} 26. Nde4 {With the idea c5.} (26. Bxe3 Nxc4) 26... f5 (26... Rxc4 $17 {...Rec8 is the strong threat.} 27. Bxe3 Nxe3 28. Qxe3 Rb4) 27. d6 $2 (27. c5 $1 $11 {and White stays safe.}) 27... Qe6 $19 28. Ba4 (28. h3 {was called for.}) 28... Red8 {Accuracy: White = 33%, Black = 41%.} ({Don't play} 28... Bxe4 29. Nxe4 Red8 30. h3 $17) ({Weaker is} 28... Rxc4 29. Bxe8 Qxe8 30. h3 $15) 0-1

[Event "52nd ACCENTUS Biel Rapid 2019"]
[Site "Biel"]
[Date "2019.07.21"]
[Round "6.4"]
[White "Abdusattorov, Nodirbek"]
[Black "Vidit, Santosh Gujrathi"]
[Result "0-1"]
[WhiteElo "2598"]
[BlackElo "2703"]
[Annotator "TA"]
[PlyCount "132"]
[EventDate "2019.07.21"]
[EventType "tourn"]
[EventCountry "SUI"]
[SourceTitle "playchess.com"]
[Source "ChessBase"]
[SourceQuality "1"]

{[%evp 20,132,12,17,13,0,6,-8,-7,0,-19,0,-12,-74,-80,-103,-95,-97,-93,-108,-114,-114,-114,-121,-114,-114,-115,-115,-117,-120,-124,-138,-130,-128,-114,-166,-163,-164,-150,-261,-253,-253,-212,-207,-156,-164,-145,-318,-314,-300,-273,-294,-281,-338,-245,-235,-238,-320,-334,-326,-320,-277,-315,-420,-360,-623,-550,-565,-539,-718,-612,-595,-326,-277,0,-601,-583,-624,-610,-601,-579,-1890,-1863,-1439,-1402,-2252,-2214,-5333,-4910,-3068,-2335,-1748,-1828,-29948,-29951,-5994,-3974,-29968,-29958,-29966,-29967,-29970,-29965,-29956,-29947,-6640,-6897,-29972,-29972,-29970,-29969,-29973,-29974,-29974,-29960]} 1. e4 e5 2. Nf3 Nc6 3. Bb5 a6 4. Ba4 Nf6 5. O-O Nxe4 6. d4 b5 7. Bb3 d5 8. dxe5 Be6 9. Qe2 Be7 10. Rd1 O-O 11. c3 Qd7 {C81: Open Ruy Lopez: Keres Variation (9 Qe2)} 12. Bc2 (12. Be3 Rfd8 13. a4 Rab8 14. axb5 axb5 15. Nbd2 Nc5 16. Bc2 Bf5 17. Bxf5 Qxf5 18. Bxc5 Bxc5 19. Nb3 Bb6 20. Nbd4 Nxd4 21. Nxd4 Qd7 22. Qf3 c6 23. Re1 Ra8 24. h4 Bc7 25. Rxa8 Rxa8 {½-½ (25) Lu,S (2619)-Lalith,B (2529) Chengdu 2017}) 12... f5 13. Nbd2 {[%cal Rd2e4]} Rad8 {The position is equal.} 14. Nb3 Bf7 15. Nbd4 Bh5 16. Nxc6 $146 (16. a4 $11) ({Predecessor:} 16. Re1 Nxd4 17. cxd4 c5 18. Qd3 Qe6 19. Bd1 Bxf3 20. gxf3 {½-½ (35) Krasevec,A-Bertino,G SLO corr 1999}) 16... Qxc6 $17 17. Nd4 Bxe2 18. Nxc6 Bxd1 19. Nxe7+ Kf7 20. Bxd1 Kxe7 21. f3 Nc5 22. Bg5+ Ke6 23. Bxd8 Rxd8 {[%mdl 4096] Endgame KRB-KRN} 24. b4 Nd3 25. a4 Nxe5 ({But not} 25... Kxe5 $6 26. axb5 axb5 27. Be2 $11) 26. axb5 axb5 27. Bc2 (27. f4 $17 {might work better.} Nd3 28. Be2 Nxf4 29. Bxb5) 27... Rd6 $19 28. f4 {[#] Black must now prevent Re1.} Nc4 29. g4 (29. Re1+ $17 {was necessary.} Kf6 30. Bd3) 29... fxg4 30. Bxh7 Kf6 31. Bd3 Rc6 32. Re1 Nd2 {[#] aiming for ...Nf3+.} 33. Re8 $2 (33. Rd1 $17 Nf3+ 34. Kf2) 33... Rxc3 34. Bxb5 Nf3+ 35. Kg2 Nh4+ 36. Kg1 Ng6 37. Bd7 Nxf4 38. Bxg4 Rc1+ 39. Kf2 Nd3+ 40. Kg2 Nxb4 41. Re6+ Kf7 42. Re2 $2 (42. h3) 42... c5 43. Kg3 g5 44. Re5 Rc3+ 45. Kg2 Kf6 46. Re6+ Kf7 $2 (46... Kg7 47. Bf5 Kf7) 47. Re5 $1 c4 48. Rxg5 Rd3 49. Rf5+ Kg7 50. Rf2 c3 51. Bf5 Re3 52. Rf4 c2 53. Bxc2 Nxc2 {KRN-KR} 54. Kf2 Re5 55. Ra4 Ne3 56. Kf3 Nc4 57. Ra6 Kf7 58. h4 Re6 59. Ra8 Re4 60. h5 Rh4 61. Rh8 Kg7 62. Rd8 Rxh5 63. Kg4 Re5 {Black mates.} 64. Kf4 Re4+ 65. Kf5 Ne3+ 66. Kg5 Kf7 {Accuracy: White = 30%, Black = 88%.} 0-1

[Event "52nd ACCENTUS Biel Rapid 2019"]
[Site "Biel"]
[Date "2019.07.21"]
[Round "7.2"]
[White "Vidit, Santosh Gujrathi"]
[Black "Maghsoodloo, Parham"]
[Result "1/2-1/2"]
[WhiteElo "2703"]
[BlackElo "2656"]
[Annotator "TA"]
[PlyCount "171"]
[EventDate "2019.07.21"]
[EventType "tourn"]
[EventCountry "SUI"]
[SourceTitle "playchess.com"]
[Source "ChessBase"]
[SourceQuality "1"]

{[%evp 12,171,41,9,10,12,14,6,13,11,11,4,12,12,20,14,17,18,18,10,14,10,45,16,31,0,9,0,32,-56,-52,-51,-52,-52,-51,-42,0,-37,0,0,0,0,0,-16,0,-6,-8,-9,-14,-20,-8,-8,-8,-8,-8,-8,-8,-8,0,0,0,0,0,-8,-8,-8,-8,-8,-8,-8,-8,-8,-8,-8,-8,-8,0,-87,-87,-87,-87,-87,-87,-87,-87,-87,-87,-87,-87,-87,-87,-87,-87,-87,-8,-87,-87,-87,-87,-87,-87,-87,-87,-87,-87,-87,-87,-87,-87,-87,0,-87,-87,-87,-87,-87,-87,-87,-87,-87,-87,-87,-8,-8,0,0,0,-87,-87,-87,-87,-87,-87,-87,-87,-87,-87,-87,0,-87,-8,-8,0,-8,-8,-8,-8,-8,-8,-8,-8,-8,0,-8,-8,-8,-8,-8,0,0,0,0]} 1. d4 Nf6 2. c4 g6 3. Nc3 d5 4. cxd5 Nxd5 5. e4 Nxc3 6. bxc3 Bg7 7. Qa4+ Qd7 {D85: Exchange Grünfeld: Unusual White 7th moves and lines with 7 Nf3} 8. Bb5 c6 9. Bd3 O-O 10. Nf3 c5 11. Qxd7 Bxd7 12. Rb1 b6 13. Be3 {[#]} cxd4 $146 ({Predecessor:} 13... Rd8 14. O-O Ba4 15. Rfc1 {½-½ (44) Mamedyarov,S (2801)-Vachier Lagrave,M (2779) Saint Louis 2018}) 14. cxd4 Nc6 {[%cal Bb8c6,Bc6a5,Ba5b7,Bb7c5][%mdl 32]} 15. O-O Rfd8 16. d5 Na5 17. Rbc1 e6 18. Bg5 f6 $1 {[%cal Rf6g5]} 19. Bd2 Nb7 20. Rc7 (20. Nd4 $14) 20... Nc5 $15 21. Bc4 {And now dxe6 would win.} Rdc8 22. Rxc8+ Rxc8 23. Be3 Kf7 24. Rc1 Bf8 25. e5 Bg7 26. exf6 Bxf6 27. dxe6+ Bxe6 28. Bxe6+ Kxe6 29. Kf1 Rc7 30. Ke2 Na6 31. Rxc7 Nxc7 $11 {[%mdl 4096] Endgame KBN-KBN} 32. Kd3 Kd5 33. Ng5 Bxg5 34. Bxg5 {KB-KN} b5 35. Kc3 Ne6 36. Be3 a5 37. a3 Nc5 38. f3 Nd7 39. Bg5 Ne5 40. Bf4 b4+ 41. axb4 axb4+ 42. Kb3 Nd3 43. Bd2 Kc5 44. g4 (44. Be3+ $11 Kb5 45. f4) 44... Ne5 $1 $17 45. Bxb4+ Kd5 46. Be1 Nxf3 47. Bg3 Ke4 48. Kc3 Ne5 49. Kd2 Nxg4 {Threatens to win with ...Kf3.} 50. Ke2 Ne3 51. Bb8 h5 52. Bc7 g5 (52... Nd5 $17 53. Bd8 Nf4+ 54. Kf2 Kf5) 53. Kf2 (53. Bd8 $11 {keeps the balance.}) 53... Nd5 54. Bd8 Kf4 55. h3 Kf5 56. Kf3 Nf6 57. Be7 Ke6 58. Bd8 Ke5 $1 59. Bc7+ Kf5 60. Bd8 h4 (60... Nd5 $17 61. Kg3 Nf4) 61. Kg2 (61. Bxf6 $1 $11 Kxf6 62. Ke4) 61... Nd5 62. Kh2 Nf4 63. Be7 Nd3 64. Kg2 Kf4 65. Bd8 Ne1+ 66. Kf2 {[#]} Nf3 ({Better is} 66... Nc2 $1 $17 67. Be7 Nd4) 67. Bc7+ $11 Ne5 68. Kg2 Ke4 69. Bd8 (69. Bxe5 $1 $11 {remains equal.} Kxe5 70. Kf3) 69... Kf5 $17 70. Be7 Nd3 71. Bd8 Nb4 72. Be7 Nc6 73. Bc5 Ke4 74. Bb6 Kd3 (74... Kf4 $17 75. Kf2 Ke4) 75. Bc7 {[#]} (75. Bg1 $11) 75... Ke2 ({Black should try} 75... Ke3 $1 $17 76. Bb6+ Ke4) 76. Bb6 $1 $11 {The position is equal.} Kd3 77. Kf3 Ne5+ 78. Kg2 $1 Ke2 79. Bd8 $1 Nf3 80. Be7 Ne1+ 81. Kh1 Nf3 {Threatening ...Kf2.} 82. Kg2 Ke3 83. Bd8 Ke4 84. Kf2 Kf4 85. Bc7+ Ne5 86. Kg2 $1 {Accuracy: White = 62%, Black = 70%.} 1/2-1/2

[Event "52nd ACCENTUS Biel Rapid 2019"]
[Site "Biel"]
[Date "2019.07.21"]
[Round "7.3"]
[White "Georgiadis, Nico"]
[Black "Cori, Jorge"]
[Result "1-0"]
[WhiteElo "2514"]
[BlackElo "2686"]
[Annotator "TA"]
[PlyCount "101"]
[EventDate "2019.07.21"]
[EventType "tourn"]
[EventCountry "SUI"]
[SourceTitle "playchess.com"]
[Source "ChessBase"]
[SourceQuality "1"]

{[%evp 20,101,91,48,65,54,83,70,83,69,73,83,85,93,116,110,158,155,146,154,154,153,167,107,216,156,181,182,231,252,235,27,106,100,94,112,187,193,197,198,232,154,255,233,255,240,231,149,152,146,126,85,79,36,33,43,49,43,35,35,51,47,126,71,176,74,69,65,113,85,170,166,345,341,351,350,5090,4870,4910,4794,4794,2068,1215,1164]} 1. e4 c5 2. Nf3 Nc6 3. Nc3 g6 4. d4 cxd4 5. Nxd4 Bg7 6. Be3 d6 7. Qd2 Bd7 8. O-O-O Nf6 9. f3 O-O 10. g4 Qa5 11. Kb1 Rfc8 {B76: Sicilian Dragon: Yugoslav Attack, 9 g4 and 9 0-0-0} 12. h4 h5 13. g5 (13. gxh5 Nxh5 14. Rg1 Nxd4 15. Bxd4 Bxd4 16. Qxd4 Qc5 17. e5 Qxd4 18. Rxd4 Bc6 19. exd6 exd6 20. Bc4 Kg7 21. f4 Rh8 {1-0 (66) Amin,B (2612)-Adly,A (2596) Egypt 2012}) 13... Ne8 {White is slightly better.} 14. f4 Bg4 {And now ...Nxd4 would win.} 15. Be2 Bxe2 16. Qxe2 $146 ({Predecessor:} 16. Ncxe2 Qxd2 17. Rxd2 a6 18. Nc3 Nxd4 19. Bxd4 {½-½ (39) Pecha,T (2096)-Maslak,A (2201) Pardubice 2008}) 16... e6 17. Rhf1 Rc7 18. f5 Nxd4 19. Bxd4 Bxd4 20. Rxd4 Qe5 21. Rd3 (21. Qf2 $18) 21... Rac8 (21... exf5 $16 22. exf5 Qxe2 23. Nxe2 gxf5) 22. Qf2 gxf5 23. exf5 Ng7 {[%cal Rg7f5]} 24. fxe6 ({And not} 24. Qxa7 Nxf5 25. Qg1 Nxh4 $15) 24... fxe6 25. Re1 $2 (25. a3 $18) 25... Qc5 (25... Rf8 $1 $11 {keeps the balance.} 26. Qg1 (26. Rxe5 Rxf2 27. Rxd6 Rf1+ 28. Nd1 Nf5 $11) 26... Qc5) 26. Qxc5 dxc5 27. Ne4 c4 (27... Nf5 $16) 28. Rf3 $1 $18 Rd8 29. c3 b5 30. a3 a5 (30... Rd3 $16 {might work better.} 31. Rf2 Rc8 32. Nf6+ Kh8) 31. Kc2 Kh8 32. Nf6 Rc5 33. Rd1 Rxd1 34. Kxd1 $16 {[%mdl 4096] Endgame KRN-KRN} Nf5 35. Nxh5 Nxh4 36. Rh3 (36. Rf7 {seems wilder.} Kg8 37. Ra7 Rf5 38. Nf6+ Kf8 39. Rxa5 Nf3 40. a4) 36... Nf5 37. Nf4+ Kg8 38. Nxe6 Rd5+ 39. Kc1 Re5 40. Nf4 Ne3 {[#]} (40... Ne7 $14) 41. g6 (41. Rh8+ $142 $1 Kg7 42. Rb8) 41... a4 (41... Re4 $16 {is a better defense.}) 42. Kd2 (42. Rh5 $18 {has better winning chances.} Rxh5 43. Nxh5) 42... Nf1+ 43. Kd1 Re4 44. Nh5 {Strongly threatening Nf6+.} Re6 {[#]} (44... Re5 $16) 45. Rf3 $1 $18 {g7 is the strong threat.} Ne3+ $2 (45... Nh2 {was worth a try.} 46. Rf5 Rxg6 47. Rxb5 Rd6+ 48. Ke2 Re6+ 49. Kf2 Ng4+ 50. Kf3 Ne5+ 51. Ke4 Nd3+ 52. Kd4 Re2 53. Kxc4 Nxb2+ 54. Kc5 Nd3+ 55. Kd4 Ne1) 46. Kd2 {Hoping for g7.} Nd5 47. g7 {White wants to mate with Rf8+.} Ne7 $2 (47... Re8 48. Rf5 Rd8) 48. Rf8+ {White is clearly winning.} Kh7 49. Rh8+ Kg6 50. g8=Q+ Nxg8 51. Nf4+ {[%mdl 64] Double Attack. Accuracy: White = 65%, Black = 27%.} ({Weaker is} 51. Rxg8+ Kxh5 52. Rg7 Kh4 $11) 1-0

[Event "52nd ACCENTUS Biel Rapid 2019"]
[Site "Biel"]
[Date "2019.07.21"]
[Round "7.4"]
[White "Leko, Peter"]
[Black "Shankland, Sam"]
[Result "1/2-1/2"]
[WhiteElo "2674"]
[BlackElo "2713"]
[Annotator "TA"]
[PlyCount "43"]
[EventDate "2019.07.21"]
[EventType "tourn"]
[EventCountry "SUI"]
[SourceTitle "playchess.com"]
[Source "ChessBase"]
[SourceQuality "1"]

{[%evp 23,24,0,2]} 1. d4 d5 2. c4 c6 3. cxd5 cxd5 4. Nc3 Nf6 5. Bf4 Nc6 6. e3 Bf5 7. Bd3 Bxd3 8. Qxd3 e6 9. Nf3 Bd6 10. Bxd6 Qxd6 11. O-O O-O 12. Rac1 Rfc8 {Predecessor:} 13. a3 $146 a6 14. Na4 Na5 15. Ne5 b5 16. Nc5 Nc4 17. Nxc4 bxc4 18. Qe2 h6 19. e4 Nxe4 20. Nxe4 dxe4 21. Rxc4 Rxc4 22. Qxc4 {½-½ (31) Wang,Y (2690)-Ni,H (2670) China 2018} 1/2-1/2